| 000 | 01281 a2200361 4500 | ||
|---|---|---|---|
| 999 |
_c200130788 _d30391 |
||
| 001 | 200130788 | ||
| 003 | TR-AnTOB | ||
| 005 | 20260223163926.0 | ||
| 008 | 170913b xxu||||| |||| 00| 0 tur d | ||
| 020 | _a9789750406218 | ||
| 040 |
_aTR-AnTOB _cTR-AnTOB |
||
| 041 | _atur | ||
| 050 |
_aZ246 _b.A4319 2012 |
||
| 090 |
_aZ246 _b.A4319 2012 |
||
| 100 | 1 |
_aAmbrose, Gavin _970124 |
|
| 245 | 1 | 0 |
_aTipografinin Temelleri / _cGavin Ambrose ; Paul Harris ; çev. Bengisu Bayrak. |
| 264 | 1 |
_aİstanbul: _bLiteratür, _c2012. |
|
| 300 |
_a192 p. : _bill. ; _c23 cm. |
||
| 336 |
_2rdacontent _atext _btxt |
||
| 337 |
_2rdamedia _aunmediated _bn |
||
| 338 |
_2rdacarrier _avolume _bnc |
||
| 490 | 0 |
_aLiteratür Yayınları ; _v660 _aAkademik Temeller Dizisi ; _v08 |
|
| 504 | _aIncludes bibliographical references and index. | ||
| 505 | _aYazı ve Dil -- Temeller -- Harf Biçimleri -- Kelimeler ve Paragraflar -- Yazıyı Kullanmak -- Sonuç. | ||
| 650 | 7 |
_aBasım _2etuturkob _994000 |
|
| 650 | 0 |
_aPrinting _994001 |
|
| 650 | 0 |
_aGraphic design (Typography) _94398 |
|
| 650 | 7 |
_aGrafik tasarım (Tipografi) _2etuturkob _994557 |
|
| 700 | 1 |
_aBayrak, Bengisu _993998 |
|
| 700 | 1 |
_aHarris, Paul, _d1971- _970125 |
|
| 942 |
_cBK _2lcc |
||